Loading...
| Literature - British | 1 | 6 | 0 | 2 | 75 | 62 | 124.57 | 0 | 1 | 8.46 | 21.41 |
| Literature - American | 0 | 4 | 1 | 0 | 35 | 98 | 120.25 | 0 | 0 | 5.21 | 12.80 |
| Social Science | 0 | 3 | 0 | 0 | 30 | 94 | 108.00 | 0 | 0 | 2.23 | 8.98 |
| Beliefs | 0 | 3 | 0 | 0 | 30 | 99 | 108.33 | 0 | 0 | 3.45 | 6.42 |
| Fine Arts - Classical Music and Opera | 0 | 2 | 0 | 1 | 20 | 109 | 123.00 | 0 | 0 | 1.25 | 4.14 |
| Fine Arts - Other Arts | 0 | 2 | 0 | 0 | 20 | 116 | 125.00 | 0 | 1 | 2.39 | 11.75 |
| Science - Biology | 0 | 2 | 0 | 1 | 20 | 128 | 132.50 | 0 | 0 | 0.56 | 2.56 |
| Science - Other | 0 | 2 | 1 | 0 | 15 | 75 | 100.50 | 0 | 0 | 3.56 | 6.76 |
| Science - Physics | 0 | 2 | 1 | 1 | 15 | 112 | 131.50 | 0 | 0 | 1.07 | 4.71 |
| Literature - European | 0 | 1 | 0 | 0 | 10 | 100 | 100.00 | 0 | 0 | 2.24 | 0.77 |
| History - American | 0 | 1 | 0 | 0 | 10 | 104 | 104.00 | 0 | 0 | 1.34 | 2.56 |
| History - World | 0 | 1 | 0 | 1 | 10 | 134 | 134.00 | 0 | 1 | 0.06 | 5.77 |
| Philosophy | 0 | 1 | 0 | 0 | 10 | 133 | 133.00 | 0 | 0 | 0.11 | 0.64 |
| Science - Chemistry | 0 | 1 | 0 | 0 | 10 | 123 | 123.00 | 0 | 0 | 0.06 | 0.77 |
| Visual Arts | 0 | 0 | 1 | 0 | -5 | 0.00 | 0 | 0 | 0.00 | 0.00 |